000 01275nam a2200325 a 4500
001 000112944
003 CHAP
005 20220329144329.0
008 170222s2016 mx sm |||||||spa d
010 _a109405
011 _a110377
040 _cCHAP
090 _aTesis
100 1 _aSeseña Castellanos, Rodrigo
_9131566
245 1 0 _aCaracterización morfológica y ecológica del aguacate criollo (Persea americana Mill.) en comunidades de Altotonga, Veracruz
_h[En línea]
_cpor Rodrigo Seseña Castellaños.
260 _aVeracruz, Méx. :
_bEl autor,
_c2016.
500 _aPara ver el contenido del material haga clic en la liga
502 _aTesis (Ing. Agr. Esp. en Zonas Tropicales) -- UACH. Dirección de Centros Regionales Universitarios
590 _aE11695DGD
_b10
_c20170223
_lUCH01
_h1238
590 _aE11695DGD
_b10
_c20170223
_lUCH01
_h1239
590 _aE5765TAJ
_b05
_c20170222
_lUCH01
_h1200
590 _aE5765TAJ
_b05
_c20170222
_lUCH01
_h1201
650 1 4 _aAguacate
_xDistribución geográfica
_zVeracruz.
_9131567
650 1 4 _aAguacate
_xFisiología y morfología.
_92516
650 1 4 _aAguacate
_xVariedades.
_92559
856 _aFinding aid
_uhttp://10.13.5.2/tesis/sist112944.pdf
_zTeclea aquí
901 _aBK
942 _cTESIS
942 _n0
999 _c109405
_d109405